000 00597nam a2200181Ia 4500
008 090630s9999 xx 000 0 und d
082 _b22949
100 _aसोनग्रा रतनलाल.
245 _aसोन जातक.
_cसोनग्रा रतनलाल.
260 _bआडकर - पुणे.
_c2001
300 _a158
600 _aसोनग्रा रतनलाल.
630 _aसोन जातक.
655 _aलघुकथा.
700 _aसोनग्रा रतनलाल.
730 _aसोन जातक.
942 _cBOOK
999 _c274805
_d274805